Poema sinfónico de Darío / (Record no. 169273)

MARC details
000 -LEADER
campo de control de longitud fija 00769nam a2200217 i 4500
001 - NÚMERO DE CONTROL
campo de control 169273
003 - IDENTIFICADOR DE NÚMERO DE CONTROL
campo de control ES-MaACL
005 - FECHA Y HORA DE LA ÚLTIMA TRANSACCIÓN
campo de control 20230906214040.0
008 - DATOS DE LONGITUD FIJA--INFORMACIÓN GENERAL
campo de control de longitud fija 080828s2007 sp |||| | spa d
017 ## - NÚMERO DE COPYRIGHT O DE DEPÓSITO LEGAL
Número de copyright o de depósito legal As-5.386-07
020 ## - NÚMERO INTERNACIONAL ESTÁNDAR DEL LIBRO
Número Internacional Estándar del Libro 978-84-611-8887-1
080 ## - NÚMERO DE LA CLASIFICACIÓN DECIMAL UNIVERSAL
Número de la Clasificación Decimal Universal 821.134.2(728.5)-14"19"
100 1# - ENTRADA PRINCIPAL--NOMBRE DE PERSONA
Nombre de persona Zepeda-Henríquez, Eduardo.
9 (RLIN) 118193
245 10 - MENCIÓN DEL TÍTULO
Título Poema sinfónico de Darío /
Mención de responsabilidad, etc. Eduardo Zepeda-Henríquez ; prólogo de Claire Pailler ; coordinador editorial e ilustraciones, Juan Méjica.
250 ## - MENCION DE EDICION
Mención de edición 1ª ed.
260 ## - PUBLICACIÓN, DISTRIBUCIÓN, ETC.
Lugar de publicación, distribución, etc. Oviedo :
Nombre del editor, distribuidor, etc. Fundación Méjica,
Fecha de publicación, distribución, etc. 2007.
300 ## - DESCRIPCIÓN FÍSICA
Extensión 81 p. :
Otras características físicas il. col. ;
Dimensiones 24 cm.
700 1# - ENTRADA AGREGADA--NOMBRE PERSONAL
Nombre de persona Méjica, Juan.
9 (RLIN) 138369
700 1# - ENTRADA AGREGADA--NOMBRE PERSONAL
Nombre de persona Pailler, Claire.
9 (RLIN) 138370
852 4# - LOCALIZACIÓN
Ubicación ES-MaACL
Número de control de estantería L-29724
itemnumber R.142938
Nota libre - Ded. autógr. del autor.
Holdings
Estatus retirado Estado de pérdida Estado de daño No para préstamo Biblioteca de origen Biblioteca actual Ubicación en estantería Fecha de adquisición Fuente de adquisición Total de préstamos Signatura topográfica completa Código de barras Visto por última vez Precio de reemplazo Tipo de ítem Koha
        Biblioteca del Ateneo de Madrid Biblioteca del Ateneo de Madrid Depósito 2 28/08/2008     L-29724 1177716 23/02/2023 23/02/2023 Libro impreso